Algunos muchachos y otros cuentos / (Registro nro. 32563)
[ vista simple ]
| 000 -CABECERA | |
|---|---|
| campo fijo de control de longitud | 00779nam a22002415a 4500 |
| 001 - NÚMERO DE CONTROL | |
| campo de control | 32563 |
| 003 - IDENTIFICADOR DEL NÚMERO DE CONTROL | |
| campo de control | AR-RoBPED |
| 005 - FECHA Y HORADE LA ULTIMA TRANSACCION | |
| campo de control | 20260413144915.0 |
| 007 - | |
| campo fijo de control de longitud | ta |
| 008 - ELEMENTOS DE LONGITUD FIJA--INFORMACION GENERAL | |
| campo fijo de control de longitud | 050706s1970 sp r 001 j spa d |
| 040 ## - FUENTE CATALOGADORA | |
| Centro catalogador/agencia de origen | AR-BaBN |
| Convenciones de descripción | aacr |
| Agencia que realiza la modificación | AR-RoBPED |
| 041 ## - IDIOMA | |
| Código de idioma para texto/pista de sonido o título independiente | spa |
| 100 1# - ENCABEZAMIENTO PRINCIPAL--AUTOR PERSONAL | |
| Nombre de persona | Matute, Ana María |
| Fechas nac-muerte | 1925-2014 |
| Función | autora |
| Relator code | aut |
| 9 (RLIN) | 17277 |
| 245 10 - TITULO | |
| Título | Algunos muchachos y otros cuentos / |
| Mención de responsabilidad | Ana María Matute ; Luis Romero |
| 260 ## - PUBLICACION | |
| Lugar | [Estella, Navarra] : |
| Editor | Salvat, |
| Fecha | ©1970. |
| 300 ## - DESCRIPCION FISICA | |
| Extensión | 182 p. ; |
| Dimensiones | 19 cm. |
| 490 0# - SERIE | |
| Mención de serie | (Biblioteca básica Salvat ; |
| Designación de volumen o secuencia | 89) |
| 650 #7 - TERMINO DE MATERIA--CONTROLADO | |
| Término controlado | LITERATURA ESPAÑOLA |
| 9 (RLIN) | 687 |
| Término controlado | CUENTOS REALISTAS |
| 9 (RLIN) | 6066 |
| 700 ## - ENCABEZAMIENTO SECUNDARIO--AUTOR PERSONAL | |
| Nombre de persona | Romero, Luis |
| Fecha de nac-muerte | 1916-2009 |
| 9 (RLIN) | 30700 |
| Función | prol. |
| 942 ## - ELEMENTOS KOHA | |
| Fuente de clasificación | Universal Decimal Classification |
| Número Koha | k. 32563 |
| Koha tipo de ítem | Libro |
| Clasificación | 860-3 |
| Signatura librística | M 28 |
| Inventario | Inv. 42380 |
| 945 ## - PROCESAMIENTO DE LA INFORMACIÓN LOCAL | |
| Catalogador y fecha | mev 13/04/2026 |
| Estado retirado | Estado perdido | Fuente de clasificación | Estado dañado | No se presta | Biblioteca propietaria | Biblioteca de reserva | Fecha de adquisición | Procedencia | Total de préstamos | Signatura topográfica completa | Código de barras (nº de inventario) | Fecha visto por última vez | Catalogador y fecha | Tipo de ítem Koha | Nota pública |
|---|---|---|---|---|---|---|---|---|---|---|---|---|---|---|---|
| Universal Decimal Classification | Biblioteca Pedagógica Eudoro Díaz | Biblioteca Pedagógica Eudoro Díaz | 07/04/2026 | Donación | 860-3 M 28 | 42380 | 13/04/2026 | mev 13/04/2026 | Libro | Se presta 15 días. |